000 00317nam a22001217a 4500
008 160523b xxu||||| |||| 00| 0 eng d
020 _a9780766807150
020 _a0766807150
041 _aeng
080 _a618.2
245 _aNursing skills:
_cGaylene Bouska Altman; Patrica Buchsel; Valerie Coxon;
942 _2udc
_cBK
999 _c2369
_d2369